| 000 | 00000nam 2200000zi 4500 |
| 001 | 9.885947 |
| 003 | CaOODSP |
| 005 | 20230515084405 |
| 006 | m o d f |
| 007 | cr |n||||||||| |
| 008 | 200420t20202020onc ob f|0| 0 fre d |
| 020 | |a9780660346144 |
| 040 | |aCaOODSP|bfre|erda|cCaOODSP |
| 043 | |an-cn--- |
| 086 | 1 |aBT22-226/7-2020F-PDF |
| 245 | 00|aDirective sur la formation obligatoire. |
| 246 | 3 |iAntérieurement publié sous le titre:|aDirective sur la formation indispensable |
| 264 | 1|aOttawa : |bSecrétariat du Conseil du Trésor du Canada, |c2020. |
| 264 | 4|c©2020 |
| 300 | |a1 ressource en ligne (6 pages) |
| 336 | |atexte|btxt|2rdacontent/fre |
| 337 | |ainformatique|bc|2rdamedia/fre |
| 338 | |aressource en ligne|bcr|2rdacarrier/fre |
| 500 | |aPublié aussi en anglais sous le titre : Directive on mandatory training. |
| 500 | |aPublié aussi en format HTML. |
| 500 | |a« Publié : le 2020-04-23. » |
| 504 | |aComprend des références bibliographiques de lien hypertexte (page 6). |
| 651 | 6|aCanada|xFonctionnaires|xFormation|xPolitique gouvernementale. |
| 710 | 1 |aCanada. |bConseil du trésor. |
| 775 | 08|tDirective on mandatory training. |w(CaOODSP)9.885948 |
| 794 | |tDirective sur la formation obligatoire.|w(CaOODSP)9.921739 |
| 856 | 40|qPDF|s572 Ko|uhttps://publications.gc.ca/collections/collection_2020/sct-tbs/BT22-226-7-2020-fra.pdf|z(copie 1) |
| 856 | 40|qPDF|s569 Ko|uhttps://publications.gc.ca/collections/collection_2020/sct-tbs/BT22-226-7-2020-1-fra.pdf|z(copie 2) |
| 856 | 4 |qHTML|sS.O.|uhttps://www.tbs-sct.gc.ca/pol/doc-fra.aspx?id=32628 |